TEXT BOOK OF MECHANICS (Record no. 34350)

MARC details
000 -LEADER
fixed length control field 00316nam a22001457a 4500
003 - CONTROL NUMBER IDENTIFIER
control field SGT
082 ## - DEWEY DECIMAL CLASSIFICATION NUMBER
Classification number 531,SHA
100 ## - MAIN ENTRY--PERSONAL NAME
Personal name SHARMA BHARGAVA
245 ## - TITLE STATEMENT
Title TEXT BOOK OF MECHANICS
250 ## - EDITION STATEMENT
Edition statement 5th
260 ## - PUBLICATION, DISTRIBUTION, ETC. (IMPRINT)
Name of publisher, distributor, etc RATAN PARKASHAN PUBLISHARS
Year of Publication 1985
300 ## - PAGE DESCRIPTION
No. of Pages 640
942 ## - ADDED ENTRY ELEMENTS (KOHA)
Source of classification or shelving scheme Dewey Decimal Classification
Koha item type Gifted Books
Holdings
Withdrawn status Lost status Source of classification or shelving scheme Damaged status Not for loan Collection code Home library Current library Shelving location Date acquired Vendor Name SGTU Total Checkouts Full call number Accession No. (Barcode) Date last seen Bill Date Koha item type
    Dewey Decimal Classification     ENGINEERING SGT Engineering Library SGT Engineering Library Text Book 16/03/2026 GIFTED SGTU   531,SHA FE9521 16/03/2026 16/03/2026 Gifted Books